000
00265nam a22001217a 4500
003
SGT
082
_a
823
_b
LAR
100
_a
LARSSON STIEG
245
_a
THE GIRL WITH THE DRAGON TATTOO
260
_a
U.K
_b
MACLEHOSE PRESS
_c
2005
300
_a
538
942
_2
ddc
_c
BK
999
_c
33472
_d
33472